Čo naštartovalo rast súkromnej spotreby?

Obnovenie súkromnej spotreby v pokrízovom období a dobehnutie predkrízových úrovní sprevádzal výrazný nárast dopytu po tovaroch dlhodobej spotreby. Tie sú vždy kľúčové pri oživení rastu spotrebiteľského dopytu, keďže sú viac procyklické ako ostatné tovary. Na Slovensku došlo k oživeniu súkromnej spo...

Full description

Saved in:
Bibliographic Details
Main Author: Beka, Ján
Format: Book Chapter
Language:Slovak
Subjects:
Tags: Add Tag
No Tags, Be the first to tag this record!

MARC

LEADER 00000naa a2200000 4500
001 0242359
005 20221104110713.3
041 0 |a slo 
044 |a SK 
245 1 0 |a Čo naštartovalo rast súkromnej spotreby?  |c Ján Beka 
520 |a Obnovenie súkromnej spotreby v pokrízovom období a dobehnutie predkrízových úrovní sprevádzal výrazný nárast dopytu po tovaroch dlhodobej spotreby. Tie sú vždy kľúčové pri oživení rastu spotrebiteľského dopytu, keďže sú viac procyklické ako ostatné tovary. Na Slovensku došlo k oživeniu súkromnej spotreby v roku 2014, podporenej zlepšovaním situácie na trhu práce, sentimentom, dopytom po úveroch v dôsledku uvoľnenej menovej politiky a potrebou obnovy zásoby tovarov dlhodobej spotreby vzhľadom na jej narastajúci priemerný vek. 
610 2 0 |a dopyt spotrebiteľský 
610 2 0 |a rast hospodársky 
610 2 0 |a kríza hospodárska 
610 2 0 |a Slovensko 
610 2 0 |a úver spotrebiteľský 
610 2 0 |a spotreba domácností 
610 2 0 |a spotreba obyvateľstva 
100 1 |a Beka, Ján